Normal view
MARC view
- Needham, John Layland
Entry Personal Name
001 - CONTROL NUMBER
- control field: 49592
003 - CONTROL NUMBER IDENTIFIER
- control field: NUST
005 - DATE AND TIME OF LATEST TRANSACTION
- control field: 20210314134401.0
008 - FIXED-LENGTH DATA ELEMENTS
- fixed length control field: 210314|| aca||aabn | a|a d
040 ## - CATALOGING SOURCE
- Original cataloging agency: NUST
- Transcribing agency: NUST
100 ## - HEADING--PERSONAL NAME
- Personal name: Needham, John Layland
670 ## - SOURCE DATA FOUND
- Source citation: Work cat.: (NUST): Needham, John Layland,, The solution of tactical problems;, 1917.
